00182 a2200073 450000100060000010000180000624500510002426000330007553260 aStephens, H S aAerodynamics & Ventitlation of vehicle tunnels acranfildbBhrad Publishingc